000 00852cab a2200241 4500
001 WB3506-06
008 090401t1999 xxu||||| |||| 00| 0 eng d
035 _a(Sirsi) u91243
041 _aeng
245 _aStandard forms to defeat cowboys
260 _c1999
350 _a0
490 _aBuilding
_v264 (8673) 5 February 1999, 14(1)
520 _aA government taskforce tackling cowboy builders will recommend a standard form of contract for building work worth less than £5000. They will also still suggest a quality mark, a lower threshold at which VAT is levied and a lower VAT rate.
650 _aCOWBOY BUILDERS
650 _aMINOR WORKS
650 _aQUALITY MARK
650 _aSTANDARD FORM OF CONTRACT
650 _aVALUE ADDED TAX
690 _aBUILT ENVIRONMENT-BUILDING CONTRACT FORMS
942 _n0
948 _c11/02/1999
999 _c57897
_d57897